MARC

LEADER 00000nab a2200000 a 4500
001 vtls000235407
003 SK-MaSNL
005 20260302212847.0
008 140301c1985 xo 0 slo
015 |a SNBRB19rr/mm-uuuuu 
035 |a CL0245521 
040 |a SNKBUCL  |b slo  |c SNKBUCL  |e AACR2 
041 0 |a slo 
044 |a xo  |c SK 
080 |a 82.09:882-3(081)(048)  |2 1981 
080 |a 882-3(081)(048)  |2 1981 
100 1 |a Jackanin, Ivan,  |d 1950-  |4 aut  |9 103637 
245 1 0 |a Človek a svet  |c Ivan Jackanin ; Ivan Jackanyn, Andrej Platonovič Platonov 
600 1 7 |a Platonov, Andrej Platonovič,  |d 1899-1951  |2 snkbucl  |9 122723 
655 7 |a články z novín a časopisov  |2 snkbucl  |9 267496 
655 7 |a články z odboru literárna veda a krásna literatúra  |2 snkbucl  |9 770045 
700 1 |a Jackanin, Ivan,  |d 1950-  |4 aut  |9 103637 
700 1 |a Platonov, Andrej Platonovič,  |d 1899-1951  |4 aut  |9 122723 
773 0 |t Učiteľské noviny  |g Roč. 35, č. 32 (1985), s. /12/ 
787 0 8 |i Rec.:  |a Platonov, Andrej Platonovič  |t Aký chce byť svet  |d Bratislava : Tatran, 1985 
850 |a Slovenská národná knižnica v Martine  |a MTA001 
852 |a SNK  |b KIS3GCP 
958 |a RK 
958 |a LX 
958 |a SU 
992 |a RBX 
999 |c 1491021  |d 1492951